Economic sectors at risk due to COVID-19 disruptions Will men and women in the EU be affected similarly? /

Detalles Bibliográficos
Autor principal: Papadimitriou, Eleni
Otros Autores: Blask,̤ Zsuzsa
Formato: eBook
Lenguaje:inglés
Publicado: Bruselas: European Union Publications Office, 2020
Materias:
Acceso en línea:Acceso restringido

MARC

LEADER 00000nam a22000007a 4500
005 20220420214059.0
007 cr|||| ||||
008 220420s2020 eu |||||s|||| 00||0 eng d
020 |a 978-92-76-21073-3 
035 |a 34524 
040 |a vLex 
090 |c 13201  |d 13201 
100 1 |a Papadimitriou, Eleni 
245 1 0 |a Economic sectors at risk due to COVID-19 disruptions  |h [Recurso electrn̤ico] :  |b Will men and women in the EU be affected similarly? /  |c Eleni Papadimitriou, Zsuzsa Blask̤ 
256 |a Servicio en ln̕ea 
260 |a Bruselas:  |b European Union Publications Office,  |c 2020 
300 |a 1 recurso electrn̤ico 
506 1 |a Disponible solo en los productos indicados  |d vLex Global  |d vLex Global (Academic Edition, excluding Law Schools)  |d vLex Global (U.S. Academic Edition, Law Schools)  |d vLex Global (U.S. Academic Edition, excluding Law Schools)  |d vLex Global (Academic Edition, Law Schools) 
650 0 4 |a Derecho Comunitario  |z Unin̤ Europea 
650 0 4 |a Economa̕ y negocios  |z Unin̤ Europea 
700 1 |a Blask,̤ Zsuzsa 
740 0 |a vLex Libros (Servicio en ln̕ea) 
856 4 0 |u https://app.vlex.com/#/sources/34524  |z Acceso restringido 
942 |c BOOK 
999 0 |a Community Law 
999 0 |a Economy and business